<?xml version="1.0" encoding="UTF-8"?><?xml-stylesheet type="text/xsl" href="static/style.xsl"?><OAI-PMH xmlns="http://www.openarchives.org/OAI/2.0/" xmlns:xsi="http://www.w3.org/2001/XMLSchema-instance" xsi:schemaLocation="http://www.openarchives.org/OAI/2.0/ http://www.openarchives.org/OAI/2.0/OAI-PMH.xsd"><responseDate>2026-04-17T22:16:15Z</responseDate><request verb="GetRecord" identifier="oai:www.recercat.cat:10256/15175" metadataPrefix="marc">https://recercat.cat/oai/request</request><GetRecord><record><header><identifier>oai:recercat.cat:10256/15175</identifier><datestamp>2024-06-14T09:49:03Z</datestamp><setSpec>com_2072_452955</setSpec><setSpec>com_2072_2054</setSpec><setSpec>col_2072_453065</setSpec></header><metadata><record xmlns="http://www.loc.gov/MARC21/slim" xmlns:dcterms="http://purl.org/dc/terms/" xmlns:xsi="http://www.w3.org/2001/XMLSchema-instance" xmlns:doc="http://www.lyncode.com/xoai" xsi:schemaLocation="http://www.loc.gov/MARC21/slim http://www.loc.gov/standards/marcxml/schema/MARC21slim.xsd">
   <leader>00925njm 22002777a 4500</leader>
   <datafield ind2=" " ind1=" " tag="042">
      <subfield code="a">dc</subfield>
   </datafield>
   <datafield ind2=" " ind1=" " tag="720">
      <subfield code="a">Moragas, Marta</subfield>
      <subfield code="e">author</subfield>
   </datafield>
   <datafield ind2=" " ind1=" " tag="260">
      <subfield code="c">1997</subfield>
   </datafield>
   <datafield ind2=" " ind1=" " tag="520">
      <subfield code="a">The paper explores Moore's conception of analysis and relates it to his defence of common&#xd;
sense and ordinary language as its vehicle of expression. Section 1 studies the role&#xd;
that analysis plays in his philosophy and its importance to tackle philosophical problems.&#xd;
Section 2 gives an account of what a Moorean analysis consists of, discusses the criteria&#xd;
that a proper analysis should satisfy and classifies the different types of analysis found in&#xd;
Moore's writings. It also argues against considering them either linguistic or conceptual.&#xd;
Section 3 clarifies the notions of common sense and ordinary language giving prominence&#xd;
to the former. The discussion aims at solving two questions: a ) how to recognise a common&#xd;
sense proposition and b ) how to adscribe a truth-bearer to such proposition. Finally we&#xd;
focus on the role given to common sense and/or ordinary language as touchstone to accept&#xd;
or reject philosophical arguments</subfield>
   </datafield>
   <datafield ind2=" " ind1=" " tag="520">
      <subfield code="a">Aquest treball explora la concepció de l'anàlisi de Moore tot relacionant-la amb la seva&#xd;
defensa del sentit comú i el llenguatge ordinari com el seu vehicle d'expressió. La secció 1 estudia&#xd;
el paper que l'anàlisi representa en la seva filosofia, així com la seva importància per&#xd;
afrontar problemes filosòfics. La secció 2 descriu en què consisteix l'anàlisi segons Moore, discuteix&#xd;
els criteris que ha de satisfer una anàlisi correcta, i classifica els diferents tipus d'anàlisi&#xd;
trobats en els escrits de Moore, alhora que nega que se'ls pugui considerar lingüístics o&#xd;
conceptuals. La secció 3 aclareix les nocions de sentit comú i llenguatge ordinari, subratllant&#xd;
la preeminència d'aquell. La discussió es proposa de resoldre dues qüestions: a ) c o m&#xd;
es pot reconèixer una proposició del sentit comú, i b ) com es pot reconèixer si tal proposició&#xd;
és vertadera. Finalment, ens concentrem en el paper concedit al sentit comú i/o llenguatge&#xd;
ordinari com a pedra de toc a l'hora d'acceptar o rebutjar arguments filosòfics</subfield>
   </datafield>
   <datafield ind1="8" ind2=" " tag="024">
      <subfield code="a">http://hdl.handle.net/10256/15175</subfield>
   </datafield>
   <datafield tag="653" ind2=" " ind1=" ">
      <subfield code="a">Moore, G. E. (George Edward), 1873-1958</subfield>
   </datafield>
   <datafield tag="653" ind2=" " ind1=" ">
      <subfield code="a">Filosofia nord-americana -- S. XIX-XX</subfield>
   </datafield>
   <datafield tag="653" ind2=" " ind1=" ">
      <subfield code="a">Philosophy, American--19th-20th centuries</subfield>
   </datafield>
   <datafield ind2="0" ind1="0" tag="245">
      <subfield code="a">L'anàlisi filosòfica en G.E. Moore i la seva relació amb el sentit comú i el llenguatge ordinari</subfield>
   </datafield>
</record></metadata></record></GetRecord></OAI-PMH>